000 00353nam a2200133Ia 4500
008 240624s9999 xx 000 0 und d
041 _aeng
082 _a020 RAM
100 _aRAMANA P VENKATA
245 _aINFORMATION TECHNOLOGY APPLICATION IN LI
260 _c2004
_aNew Delhi
_bEss Ess Publications
300 _a388 : p. : cm. ; 21
365 _cRS
_b20
999 _c8391
_d8391